Höchste Länder - Nord nach Süd - Statistiken

Allgemein
  • Dieses Quiz wurde 97 mal gespielt
  • Das Durchschnittsergebnis liegt bei 16 aus 20
Antwortstatistiken
Spanne Land % Korrekt
4.042 km Chile
98%
4.065 km Russland
98%
3.335 km Kanada
97%
2.019 km Mexiko
97%
2.695 km Vereinigte Staaten
97%
3.398 km Argentinien
94%
2.796 km Indien
93%
4.331 km Brasilien
92%
3.700 km China
89%
3.159 km Australien
86%
1.983 km Algerien
79%
2.086 km D.R. Kongo
79%
2.043 km Peru
75%
1.749 km Saudi Arabien
67%
1.651 km Thailand
62%
1.858 km Kolumbien
61%
1.778 km Tschad
56%
1.679 km Marokko
55%
2.062 km Myanmar
44%
1.811 km Mosambik
41%
Keine übereinstimmenden Quizze gefunden
Verteilung der Resultate
Anzahl Personen mit jedem Resultat
Perzentil nach korrekt beantworteten Fragen
Ihre Resultats-Entwicklung
Sie haben dieses Quiz noch nicht gespielt